| 000 | 003570000a22000970004500 | ||
|---|---|---|---|
| 100 | 1 | _aFernández, Juan (1961- ) | |
| 245 | 1 | 0 | _aAtención, se tortura : Casi ningún país se libra de las acusaciones de Amnistía Internacional sobre violación de derechos humanos |
| 300 | _aVol. 33, Num. 33 (Enero, 1994), Páginas 42-43 | ||
| 773 | 0 | _tCambio 16 | |
| 942 | _cANA | ||
| 999 |
_c58371 _d58371 |
||